000 00688nam a2200217 a 4500
005 20240228064135.0
008 140612s2004 mx r 000 0 spa d
020 _a9568209085
035 _aUPN01000197815
049 _aI
050 4 _aPZ78
_bR4.64
100 1 _aRecabarren, Marcela
_935714
245 1 3 _aLa niña de la calavera :
_bcuento basado en un relato mapuche /
_cMarcela Recabarren ; il. Raquel Echenique.
260 _aSantiago de Chile :
_bAmanuta,
_c2004.
300 _a[29] p. :
_bil. col.
440 0 _aPueblos originarios
650 4 _aCUENTOS INFANTILES CHILENOS
_911282
650 4 _aLibros y lectura para niños
_92290
905 _aInfantil
999 _c169916
_d169916